Normal view MARC view
  • United Kingdom

Entry Corporate Name

Number of records used in: 3

001 - CONTROL NUMBER

  • control field: 3570

003 - CONTROL NUMBER IDENTIFIER

  • control field: OSt

005 - DATE AND TIME OF LATEST TRANSACTION

  • control field: 20190806150225.0

008 - FIXED-LENGTH DATA ELEMENTS

  • fixed length control field: 190806|| aca||aabn | a|a d

040 ## - CATALOGING SOURCE

  • Original cataloging agency: OSt
  • Transcribing agency: OSt

110 ## - HEADING--CORPORATE NAME

  • Corporate name or jurisdiction name as entry element: United Kingdom
  • Subordinate unit: Parliament
  • Subordinate unit: House of Commons
  • Subordinate unit: Select Committee of Public Accounts

410 ## - SEE FROM TRACING--CORPORATE NAME

  • Corporate name or jurisdiction name as entry element: United Kingdom
  • Subordinate unit: House of Commons
  • Subordinate unit: Select Committee of Public Accounts

410 ## - SEE FROM TRACING--CORPORATE NAME

  • Corporate name or jurisdiction name as entry element: Committe of Public Accounts

410 ## - SEE FROM TRACING--CORPORATE NAME

  • Corporate name or jurisdiction name as entry element: House of Commons
  • Subordinate unit: Select Committee of Public Accounts

410 ## - SEE FROM TRACING--CORPORATE NAME

  • Corporate name or jurisdiction name as entry element: Public Accounts Committe

410 ## - SEE FROM TRACING--CORPORATE NAME

  • Corporate name or jurisdiction name as entry element: Select Committee of Public Accounts